000 00556nam a22001817a 4500
003 SISC
005 20160308082659.0
008 130828t xxu||||| |||| 00| 0 eng d
050 _aPN 6371.5
_b.B893 1989
082 _aHS 818.602
_bB83 1989
100 _aBrumley, Teri James
_914770
245 _aSchool daze over 150 silly school jokes /
_cTeri-James Brumley; pictures by Michael Fleishman.
260 _aNew York :
_bThe Trumpet Club,
_cc1989
300 _a64 p. ;
_c18 cm.
650 _aWit and humor, school
_914771
942 _2lcc
_cBK
999 _c9708
_d9708